Les voyages présidentiels de François Mitterrand 1981-1995 - Statistiques

Statistiques générales
  • Ce quiz a été pris 92 fois
  • Le résultat moyen est 65 sur 88
Statistiques - réponses
Année(s) Pays visité(s) % Correct
1982 Espagne
98%
1981 - 1981 - 1984 - 1986 - 1994 Royaume-Uni
96%
1990 Allemagne
95%
1982 - 1984 Allemagne de l'Ouest
95%
1981 - 1982 Algérie
94%
1983 Chine
94%
1981 - 1982 - 1983 - 1984 - 1988 - 1989 - 1990 - 1992 - 1993 Etats-Unis
94%
1982 Italie
93%
1982 Japon
93%
1983 Maroc
93%
1981 - 1982 Canada
91%
1985 Brésil
90%
1987 Portugal
90%
1983 Tunisie
90%
1987 Argentine
89%
1992 Turquie
89%
1984 - 1986 - 1988 URSS
89%
1981 - 1982 - 1984 Egypte
88%
1988 Irlande
88%
1984 Norvège
88%
1984 Suède
88%
1982 Inde
86%
1981 Mexique
86%
1987 Suisse
86%
1994 Afrique-du-Sud
85%
1981 Arabie saoudite
85%
1983 Belgique
85%
1987 Finlande
85%
1982 - 1992 Israël
85%
1993 Pologne
85%
1982 - 1993 Autriche
83%
1985 Colombie
83%
1993 Corée-du-Sud
81%
1982 Danemark
81%
1986 Mali
81%
1982 Sénégal
81%
1989 Venezuela
81%
1982 Grèce
80%
1990 Roumanie
80%
1984 Monaco
79%
1993 Viêt Nam
79%
1986 - 1993 Andorre
78%
1986 Indonésie
78%
1990 Pakistan
78%
1990 Hongrie
77%
1981 - 1992 - 1995 Luxembourg
77%
1982 Niger
75%
1992 Estonie
73%
1982 Côte d'Ivoire
72%
1992 Lettonie
72%
1992 Lituanie
72%
1984 Syrie
72%
1989 Ukraine
72%
1987 Pérou
70%
1986 Guinée
69%
1990 Islande
69%
1984 - 1992 Jordanie
69%
1982 Congo
68%
1983 Gabon
68%
1990 Madagascar
68%
1987 Uruguay
68%
1993 Cambodge
65%
1989 Bulgarie
64%
1983 Cameroun
64%
1989 Equateur
64%
1982 - 1984 Rwanda
64%
1984 Centrafrique
63%
1982 Mauritanie
63%
1990 Tchécoslovaquie
63%
1993 Yemen
63%
1990 Bangladesh
62%
1992 Oman
62%
1983 - 1986 Togo
62%
1989 Allemagne de l'Est
59%
1983 Bénin
59%
1986 Burkina Faso
57%
1993 Kazakhstan
57%
1983 Népal
56%
1994 Ouzbékistan
52%
1982 - 1984 Burundi
51%
1990 Comores
49%
1990 Maurice
48%
1992 Bosnie-Herzégovine
47%
1994 Turkménistan
47%
1982 Congo RD{}
46%
1990 Seychelles
46%
1987 Djibouti
43%
1984 Zaïre
27%
Aucun quiz correspondant
Distribution des résultats
% des personnes avec chaque résultat
Percentile par nombre de réponses
Votre historique - résultats
Vous n’avez pas pris ce quiz